[Event "Chigorin Memorial 13th"]
[Site "St Petersburg"]
[Date "2005.10.17"]
[Round "3"]
[White "Achang, Andrei"]
[Black "Jezov, Roman"]
[Result "1-0"]
[WhiteElo "2238"]
[BlackElo "2086"]
[PlyCount "123"]
[EventDate "2005.10.15"]
[EventType "swiss"]
[EventRounds "9"]
[EventCountry "RUS"]
[SourceTitle "CBM 108 Extra"]
[Source "ChessBase"]
[SourceDate "2005.11.04"]
[SourceVersion "1"]
[SourceVersionDate "2005.11.04"]
[SourceQuality "1"]

1. d4 Nf6 2. c4 c5 3. d5 e6 4. Nc3 exd5 5. cxd5 d6 6. e4 g6 7. h3 Bg7 8. Nf3 0-0 9. Bd3 a6 10. 0-0 b5 11. Re1 Re8 12. a3 Nbd7 13. Bf4 c4 14. Bc2 Qc7 15. Qd2 Bb7 16. Rad1 Nb6 17. Nd4 Nfd7 18. Kh1 Nc5 19. Bg3 Nbd7 20. f4 Nd3 21. Bxd3 Bxd4 22. Bc2 Bg7 23. Bf2 Qd8 24. Bb1 Rc8 25. Ne2 Nc5 26. Ng1 Nb3 27. Qc2 Qf6 28. Nf3 Qxb2 29. e5 Qxa3 30. Re3 Qb4 31. f5 dxe5 32. Qe4 a5 33. fxg6 hxg6 34. Qh4 c3 35. Re4 Qe7 36. Ng5 c2 37. Bxc2 Rxc2 38. Qh7+ Kf8 39. Bh4 Qc7 40. Ne6+ Rxe6 41. dxe6 fxe6 42. Rf1+ Ke8 43. Qg8+ Kd7 44. Rf7+ Kd6 45. Rxc7 Rxc7 46. Qd8+ Rd7 47. Qb6+ Bc6 48. Re3 a4 49. Be1 Rb7 50. Rd3+ Nd4 51. Bb4+ Kd7 52. Qc5 Rc7 53. Qd6+ Kc8 54. Rc3 Nf5 55. Qxe6+ Kb7 56. Ba5 Rc8 57. Qxg6 e4 58. Rc5 e3 59. Rxf5 Bd4 60. Qg4 Bxg2+ 61. Kxg2 Rc2+ 62. Kg3 1-0

[Event "Chigorin Memorial 12th"]
[Site "St Petersburg"]
[Date "2004.10.23"]
[Round "8"]
[White "Potyavin, Igor"]
[Black "Achang, Andrei"]
[Result "0-1"]
[WhiteElo "2075"]
[BlackElo "2231"]
[PlyCount "52"]
[EventDate "2004.10.16"]
[EventType "swiss"]
[EventRounds "9"]
[EventCountry "RUS"]
[SourceTitle "EXT 2005"]
[Source "ChessBase"]
[SourceDate "2004.11.15"]
[SourceVersion "1"]
[SourceVersionDate "2004.11.15"]
[SourceQuality "1"]

1. d4 Nf6 2. c4 g6 3. Nc3 Bg7 4. e4 0-0 5. Be3 d6 6. f3 c5 7. dxc5 dxc5 8. Qxd8 Rxd8 9. Bxc5 Nc6 10. Rd1 Be6 11. Rxd8+ Rxd8 12. Nd5 Nd7 13. Nxe7+ Kh8 14. Nxc6 bxc6 15. Be7 Re8 16. Ba3 f5 17. Nh3 fxe4 18. Ng5 exf3 19. Nxe6 Rxe6+ 20. Kf2 Bd4+ 21. Kxf3 c5 22. h4 Re1 23. g4 Ne5+ 24. Kf4 Nd3+ 25. Kf3 a5 26. g5 Re3+ 0-1

[Event "Chigorin Memorial 12th"]
[Site "St Petersburg"]
[Date "2004.10.16"]
[Round "1"]
[White "Achang, Andrei"]
[Black "Lutsko, Igor"]
[Result "1/2-1/2"]
[WhiteElo "2231"]
[BlackElo "2520"]
[PlyCount "118"]
[EventDate "2004.10.16"]
[EventType "swiss"]
[EventRounds "9"]
[EventCountry "RUS"]
[SourceTitle "EXT 2005"]
[Source "ChessBase"]
[SourceDate "2004.11.15"]
[SourceVersion "1"]
[SourceVersionDate "2004.11.15"]
[SourceQuality "1"]

1. d4 Nf6 2. c4 g6 3. Nc3 Bg7 4. e4 0-0 5. Nf3 d6 6. Be2 Nbd7 7. 0-0 e5 8. Re1 c6 9. Bf1 Qe7 10. Rb1 exd4 11. Nxd4 Rd8 12. Bg5 h6 13. Bh4 Nc5 14. Qc2 g5 15. Bg3 Nh5 16. Rbd1 Nxg3 17. hxg3 a5 18. b3 Be5 19. Nce2 Qf6 20. Rd2 h5 21. Red1 Bg4 22. f3 Be6 23. Nf5 Bxf5 24. exf5 Qh6 25. a3 g4 26. f4 Bg7 27. b4 axb4 28. axb4 Na6 29. Nc3 Nxb4 30. Qb3 Bxc3 31. Qxc3 c5 32. f6 Ra6 33. Bd3 h4 34. Be4 d5 35. Bxd5 Nxd5 36. Rxd5 Rxd5 37. Rxd5 Rxf6 38. Rg5+ Rg6 39. Rxc5 Qf8 40. Rh5 Rg7 41. Qf6 Rh7 42. Rxh7 Kxh7 43. Qxh4+ Qh6 44. Qxg4 Qb6+ 45. Kh2 Qc5 46. f5 Qe5 47. Qf4 Qe2 48. Qh4+ Kg7 49. Kh3 Qf1 50. Qg5+ Kf8 51. Qd8+ Kg7 52. Qd5 Kf6 53. g4 Qh1+ 54. Kg3 Qe1+ 55. Kf3 Qf1+ 56. Ke3 Qe1+ 57. Kf3 Qf1+ 58. Kg3 Qe1+ 59. Kf3 Qf1+ 1/2-1/2

[Event "St Petersburg White Nights op"]
[Site "St Petersburg"]
[Date "2004.??.??"]
[Round "3"]
[White "Achang, Andrei"]
[Black "Shchukin, Dmitry"]
[Result "1/2-1/2"]
[WhiteElo "2193"]
[BlackElo "2369"]
[PlyCount "22"]
[EventDate "2004.06.??"]
[EventType "swiss"]
[EventRounds "9"]
[EventCountry "RUS"]
[SourceTitle "CBM 100 Extra"]
[Source "ChessBase"]
[SourceDate "2004.07.06"]
[SourceVersion "2"]
[SourceVersionDate "2004.07.06"]
[SourceQuality "1"]

1. e4 e5 2. Nf3 Nf6 3. Nxe5 d6 4. Nf3 Nxe4 5. d4 d5 6. Bd3 Be7 7. 0-0 0-0 8. c4 c6 9. Nc3 Nxc3 10. bxc3 dxc4 11. Bxc4 Bg4 1/2-1/2

[Event "St Petersburg White Nights op"]
[Site "St Petersburg"]
[Date "2004.??.??"]
[Round "4"]
[White "Biriukov, Oleg V"]
[Black "Achang, Andrei"]
[Result "1/2-1/2"]
[WhiteElo "2373"]
[BlackElo "2193"]
[PlyCount "56"]
[EventDate "2004.06.??"]
[EventType "swiss"]
[EventRounds "9"]
[EventCountry "RUS"]
[SourceTitle "CBM 100 Extra"]
[Source "ChessBase"]
[SourceDate "2004.07.06"]
[SourceVersion "2"]
[SourceVersionDate "2004.07.06"]
[SourceQuality "1"]

1. d4 d5 2. c4 c6 3. Nf3 Nf6 4. cxd5 cxd5 5. Nc3 Nc6 6. Bf4 a6 7. Rc1 e6 8. e3 Be7 9. h3 Bd7 10. Bd3 0-0 11. 0-0 b5 12. a4 b4 13. Nb1 Qb6 14. Nbd2 Rfc8 15. Qe2 Na5 16. Rxc8+ Rxc8 17. Bxa6 Rc2 18. Bb5 b3 19. Qd3 Nc4 20. Bxd7 Nxd7 21. Nxb3 Rxb2 22. Nbd2 Qb4 23. e4 Qxa4 24. exd5 exd5 25. Rb1 Rxb1+ 26. Qxb1 Nf8 27. Qb7 Qd7 28. Qxd7 Nxd7 1/2-1/2

[Event "St Petersburg White Nights op"]
[Site "St Petersburg"]
[Date "2004.??.??"]
[Round "9"]
[White "Grabinsky, Vladimir"]
[Black "Achang, Andrei"]
[Result "1/2-1/2"]
[WhiteElo "2310"]
[BlackElo "2193"]
[PlyCount "135"]
[EventDate "2004.06.??"]
[EventType "swiss"]
[EventRounds "9"]
[EventCountry "RUS"]
[SourceTitle "CBM 100 Extra"]
[Source "ChessBase"]
[SourceDate "2004.07.06"]
[SourceVersion "2"]
[SourceVersionDate "2004.07.06"]
[SourceQuality "1"]

1. e4 c5 2. b4 cxb4 3. a3 Nf6 4. e5 Nd5 5. axb4 Nxb4 6. c3 N4c6 7. d4 d5 8. Bd3 b6 9. Ne2 Na5 10. 0-0 e6 11. Nd2 Qd7 12. f4 g6 13. g4 Ba6 14. Bc2 Nbc6 15. f5 0-0-0 16. Rf2 Be7 17. Ng3 Rdf8 18. f6 Bd8 19. Ba3 Re8 20. Bb4 Bb5 21. Ba4 Bxa4 22. Qxa4 Bc7 23. Qb5 Rd8 24. Bxa5 Nxa5 25. Qa6+ Kb8 26. Nb3 Qc8 27. Qb5 Qb7 28. Rfa2 Rc8 29. Ne2 Bd8 30. Rb1 Nxb3 31. Rxb3 Qc6 32. Qa6 Rc7 33. Nc1 Rb7 34. Nd3 Qc4 35. Rba3 Qxa6 36. Rxa6 Ka8 37. Nb4 Bc7 38. h4 Rc8 39. Kf2 Bb8 40. R2a3 Rbc7 41. Rxb6 Rxc3 42. Rxc3 Rxc3 43. Rc6 Rxc6 44. Nxc6 Bc7 45. Ne7 Bb6 46. Ke3 a5 47. Nxd5 Bd8 48. Nc3 Kb7 49. d5 Kc8 50. dxe6 fxe6 51. Kd4 Kd7 52. Na4 Ke8 53. Nb2 Bb6+ 54. Ke4 Ba7 55. Kd3 h5 56. gxh5 gxh5 57. Nc4 a4 58. Nd2 a3 59. Kc3 a2 60. Nb3 Bf2 61. Kb2 Bg3 62. Kxa2 Bxe5 63. Nc5 Kf7 64. Kb3 Bxf6 65. Kc4 Bxh4 66. Nxe6 Bg3 67. Kd5 Kf6 68. Ke4 1/2-1/2

[Event "St Petersburg White Nights op"]
[Site "St Petersburg"]
[Date "2004.??.??"]
[Round "7"]
[White "Smirnov, Artem"]
[Black "Achang, Andrei"]
[Result "0-1"]
[WhiteElo "2421"]
[BlackElo "2193"]
[PlyCount "54"]
[EventDate "2004.06.??"]
[EventType "swiss"]
[EventRounds "9"]
[EventCountry "RUS"]
[SourceTitle "CBM 100 Extra"]
[Source "ChessBase"]
[SourceDate "2004.07.06"]
[SourceVersion "2"]
[SourceVersionDate "2004.07.06"]
[SourceQuality "1"]

1. d4 Nf6 2. c4 g6 3. Nc3 d5 4. cxd5 Nxd5 5. e4 Nxc3 6. bxc3 Bg7 7. Qa4+ c6 8. Nf3 0-0 9. Be2 Nd7 10. 0-0 e5 11. Ba3 Re8 12. Qb3 Qf6 13. Rfe1 h6 14. Bf1 g5 15. h3 exd4 16. cxd4 Nb6 17. e5 Qd8 18. Rad1 Be6 19. Qc2 Qd5 20. Ra1 Rad8 21. Bd3 Qa5 22. Bc5 Nd5 23. Nd2 Nf4 24. Bf5 Bd5 25. Ne4 Bxe4 26. Qxe4 b6 27. g3 Nd5 0-1

[Event "St Petersburg White Nights op"]
[Site "St Petersburg"]
[Date "2004.??.??"]
[Round "5"]
[White "Turikov, Viktor"]
[Black "Achang, Andrei"]
[Result "1-0"]
[WhiteElo "2364"]
[BlackElo "2193"]
[PlyCount "75"]
[EventDate "2004.06.??"]
[EventType "swiss"]
[EventRounds "9"]
[EventCountry "RUS"]
[SourceTitle "CBM 100 Extra"]
[Source "ChessBase"]
[SourceDate "2004.07.06"]
[SourceVersion "2"]
[SourceVersionDate "2004.07.06"]
[SourceQuality "1"]

1. Nf3 Nf6 2. d4 e6 3. Bg5 d5 4. e3 Be7 5. Bd3 0-0 6. 0-0 b6 7. Nbd2 Bb7 8. c3 Nbd7 9. Qe2 Ne4 10. Bxe7 Qxe7 11. Ba6 Bxa6 12. Qxa6 f5 13. c4 Kh8 14. cxd5 exd5 15. Qb5 Qd6 16. Rac1 Rf6 17. Rfd1 c6 18. Qa4 Raf8 19. Qxa7 f4 20. exf4 Rxf4 21. Nxe4 dxe4 22. Ne5 Nxe5 23. dxe5 Qxe5 24. Qxb6 h6 25. Rc5 Qe7 26. Rc2 Qf7 27. b3 Qh5 28. Re1 R8f6 29. h3 Kh7 30. Qe3 Rh4 31. Rc5 Qg6 32. Qg3 Rhf4 33. Qxg6+ Kxg6 34. Re2 Re6 35. Rc4 Kf5 36. f3 e3 37. g4+ Kg5 38. h4+ 1-0

[Event "Pushkino-ch"]
[Site "Pushkino"]
[Date "2001.??.??"]
[Round "?"]
[White "Achang, Andrei"]
[Black "Yerofeev, Sergey"]
[Result "0-1"]
[WhiteElo "2270"]
[BlackElo "2370"]
[PlyCount "98"]
[EventDate "2001.02.??"]
[EventType "tourn"]
[EventRounds "7"]
[EventCountry "RUS"]
[EventCategory "4"]
[SourceTitle "EXT 2002"]
[Source "ChessBase"]
[SourceDate "2001.11.25"]
[SourceVersion "1"]
[SourceVersionDate "2001.11.25"]
[SourceQuality "1"]

1. e4 c6 2. d4 d5 3. Nc3 dxe4 4. Nxe4 Nd7 5. Ng5 Ngf6 6. Bd3 e6 7. N1f3 h6 8. Nxe6 fxe6 9. Bg6+ Ke7 10. 0-0 Qc7 11. c4 Kd8 12. Ne5 Nxe5 13. dxe5+ Nd7 14. Bf4 Be7 15. Qg4 Nf8 16. Rad1+ Bd7 17. Bf7 g5 18. Bg3 Kc8 19. Rd3 Kb8 20. Rfd1 Bc8 21. a3 Bc5 22. Bh5 Qe7 23. Rf3 Rh7 24. Qe4 Rg7 25. b4 Bb6 26. c5 Bc7 27. Rf6 Bd7 28. Qf3 Nh7 29. Rxh6 a6 30. Bg4 Ka7 31. a4 Rd8 32. Qe4 Nf8 33. h4 Rg8 34. h5 Qg7 35. Rf6 Be8 36. h6 Rxd1+ 37. Bxd1 Qd7 38. Qf3 g4 39. Qe2 Qd4 40. Rf4 Qa1 41. Rc4 Rh8 42. Qd2 Bxe5 43. Bxe5 Qxe5 44. Bxg4 Qf6 45. Rd4 Rxh6 46. Bh3 Rh5 47. Rf4 Qg5 48. b5 Rxh3 49. g3 Rh8 0-1

[Event "Chigorin Memorial 08th"]
[Site "St Petersburg"]
[Date "2000.11.02"]
[Round "3"]
[White "Achang, Andrei"]
[Black "Goloshchapov, Alexander"]
[Result "0-1"]
[WhiteElo "2331"]
[BlackElo "2526"]
[PlyCount "62"]
[EventDate "2000.10.31"]
[EventType "swiss"]
[EventRounds "9"]
[EventCountry "RUS"]
[SourceTitle "EXT 2001"]
[Source "ChessBase"]
[SourceDate "2000.11.22"]
[SourceVersion "1"]
[SourceVersionDate "2000.11.22"]
[SourceQuality "1"]

1. d4 e6 2. Nf3 f5 3. g3 Nf6 4. Bg2 d5 5. c4 c6 6. 0-0 Bd6 7. b3 Qe7 8. Bb2 b6 9. Qc2 Bb7 10. Nbd2 0-0 11. Ne1 a5 12. a3 Na6 13. Nd3 Rac8 14. Nf3 c5 15. Rfc1 cxd4 16. Nxd4 Ne4 17. Nb5 Bb8 18. Qd1 Rcd8 19. Qe1 Nac5 20. Nxc5 Nxc5 21. Qc3 a4 22. bxa4 Nxa4 23. Qc2 Nxb2 24. Qxb2 f4 25. cxd5 Bxd5 26. a4 fxg3 27. hxg3 Qg5 28. Bxd5 Bxg3 29. Rc3 Bxf2+ 30. Kh1 Qh4+ 31. Kg2 Rxd5 0-1

[Event "St Petersburg-ch sf"]
[Site "St Petersburg"]
[Date "2000.??.??"]
[Round "1"]
[White "Smirnov, Artem"]
[Black "Achang, Andrei"]
[Result "0-1"]
[WhiteElo "2210"]
[BlackElo "2332"]
[PlyCount "70"]
[EventDate "2000.??.??"]
[EventType "swiss"]
[EventRounds "9"]
[EventCountry "RUS"]
[SourceTitle "EXT 2001"]
[Source "ChessBase"]
[SourceDate "2000.11.22"]
[SourceVersion "1"]
[SourceVersionDate "2000.11.22"]
[SourceQuality "1"]

1. d4 Nf6 2. c4 g6 3. Nc3 Bg7 4. e4 d6 5. Nf3 0-0 6. Be2 e5 7. 0-0 Nc6 8. d5 Ne7 9. Ne1 Nd7 10. Be3 f5 11. f3 f4 12. Bf2 h5 13. a4 a5 14. Nd3 Nf6 15. c5 g5 16. cxd6 cxd6 17. b4 axb4 18. Nxb4 Ng6 19. Kh1 g4 20. Nb5 g3 21. Bg1 Nh4 22. Re1 Nxe4 23. fxe4 f3 24. Bxf3 Rxf3 25. Be3 Bg4 26. Qd2 Qd7 27. Rec1 Raf8 28. hxg3 Nxg2 29. Kxg2 Bh3+ 30. Kh2 Qg4 31. Rg1 Bh6 32. Rae1 Bxe3 33. Rxe3 Rf2+ 34. Qxf2 Rxf2+ 35. Kh1 Bf1 0-1